Statystyki dla Top 30 miast miast o największej powierzchni

Kliknij tutaj aby rozwiązać quiz!

Ogólne statystyki

  • Ten quiz został rozwiązany 29 razy
  • Średni wynik to 18 z 30

Statystyki odpowiedzi

PowierzchniaMiasto% Poprawnych
265,9 km²Gdańsk
96%
135,2 km²Gdynia
93%
326,9 km²Kraków
93%
517,2 km²Warszawa
93%
102,1 km²Białystok
89%
147,5 km²Lublin
89%
300,6 km²Szczecin
89%
115,7 km²Toruń
85%
292,8 km²Wrocław
85%
176,0 km²Bydgoszcz
81%
164,7 km²Katowice
81%
261,9 km²Poznań
81%
293,3 km²Łódź
78%
111,8 km²Radom
74%
129,0 km²Rzeszów
74%
278,3 km²Zielona Góra
74%
109,7 km²Kielce
70%
149,0 km²Opole
70%
159,7 km²Częstochowa
63%
133,9 km²Gliwice
63%
124,5 km²Bielsko-Biała
44%
102,7 km²Piła
37%
109,3 km²Jelenia Góra
33%
188,7 km²Dąbrowa Górnicza
30%
148,3 km²Rybnik
26%
202,1 km²Świnoujście
19%
152,4 km²Jaworzno
11%
123,7 km²Kędzierzyn-Koźle
7%
110,2 km²Wisła
7%
118,6 km²Krynica Morska
4%

Rozkład punktacji

Percentyl według liczby udzielonych odpowiedzi

Procent ludzi z każdym wynikiem

Twoja historia wyników

Nie rozwiązałeś tego quizu